00702pam a2200217 45000010005000000030008000050050017000130080039000300350018000690400032000870410008001190820018001272450135001452500012002802600052002923000026003443500011003705040039003816500027004207000037004475124BD-RjUL20211208234020.0131224s1973 oku b 001 0 eng a(BD-RjUL)5160 aDLCcDLCdDLCdBD-RjULbeng aeng00a350bCON 197300aConducting the people's business :bthe framework and functions of public administration /cEdited by William G. Hills and others. a1st ed. aNorman :bUniversity of Oklahoma Press,cc1973. axiv, 491 p. ;c24 cm. a$14.95 aIncludes bibliographies and index. 0aPublic administration.1 aHills, William G.,d1937-ecomp.